Fifa 21 Top 100 Premier League Players - Statistics

General Stats
  • This quiz has been taken 670 times
  • The average score is 68 of 100
Answer Stats
Rating Club Nation Player % Correct
91 Manchester City Belgium Kevin De Bruyne
99%
90 Liverpool Egypt Mohamed Salah
99%
90 Liverpool Senegal Sadio Mane
98%
90 Liverpool Netherlands Virgil Van Dijk
98%
88 Tottenham Hotspur England Harry Kane
97%
83 Tottenham Hotspur England Dele Alli
96%
87 Tottenham Hotspur South Korea Heung-Min Son
95%
89 Manchester City Argentina Sergio Aguero
95%
90 Liverpool Brazil Alisson
94%
87 Manchester City Portugal Bernardo Silva
93%
87 Liverpool Scotland Andrew Robertson
92%
88 Manchester City Brazil Ederson
92%
88 Chelsea France N'Golo Kante
92%
87 Manchester United Portugal Bruno Fernandes
91%
86 Leicester City England Jamie Vardy
91%
87 Arsenal Gabon Pierre-Emerick Aubameyang
91%
87 Liverpool Brazil Roberto Firmino
91%
85 Chelsea Brazil Thiago Silva
91%
88 Manchester City England Raheem Sterling
90%
87 Liverpool England Trent Alexander-Arnold
90%
86 Liverpool England Jordan Henderson
89%
80 Manchester United England Dean Henderson
88%
87 Tottenham Hotspur France Hugo Lloris
88%
86 Manchester United France Paul Pogba
88%
86 Manchester United Spain David De Gea
87%
85 Chelsea Germany Kai Havertz
87%
85 Manchester City Algeria Riyad Mahrez
87%
85 Manchester United England Marcus Rashford
85%
87 Liverpool Brazil Fabinho
84%
85 Chelsea Morocco Hakim Ziyech
83%
85 Manchester City Spain Rodri
82%
87 Manchester City France Aymeric Laporte
80%
85 Manchester City England Kyle Walker
80%
85 Chelsea Germany Timo Werner
80%
85 Liverpool Spain Thiago Alcantara
77%
83 Manchester City Portugal Joao Cancelo
74%
84 Wolves Mexico Raul Jimenez
74%
84 Manchester City Brazil Fernandinho
73%
83 Manchester City Brazil Gabriel Jesus
73%
85 Liverpool Netherlands Georginio Wijnaldum
73%
84 Arsenal Ghana Thomas Partey
73%
83 Chelsea Italy Jorginho
72%
84 Leicester City Denmark Kasper Schmeichel
72%
84 Manchester United France Anthony Martial
71%
82 Manchester United England Harry Maguire
71%
83 Manchester City Germany Ilkay Gundogan
71%
83 Chelsea Croatia Mateo Kovacic
71%
83 Tottenham Hotspur Wales Gareth Bale
70%
81 Manchester City Portugal Ruben Dias
70%
82 Wolves Portugal Ruben Neves
70%
83 Liverpool Cameroon Joel Matip
69%
84 Leicester City Nigeria Wilfred Ndidi
69%
83 Crystal Palace Ivory Coast Wilfried Zaha
69%
85 Arsenal Germany Bernd Leno
68%
85 Tottenham Hotspur Belgium Toby Alderweireld
68%
84 Chelsea Spain Cesar Azpilicueta
67%
81 Manchester United Brazil Fred
63%
83 Liverpool England Joe Gomez
63%
85 Leicester City Portugal Ricardo Pereira
63%
81 Everton Brazil Richarlison
63%
81 Manchester United England Luke Shaw
62%
82 Everton Colombia James Rodriguez
61%
83 Wolves Portugal Joao Moutinho
61%
83 Tottenham Hotspur Brazil Lucas Moura
61%
83 Arsenal France Alexandre Lacazette
60%
81 Manchester City France Benjamin Mendy
59%
81 Chelsea United States Christian Pulisic
59%
84 Wolves Portugal Rui Patricio
59%
83 Newcastle United Slovakia Martin Dubravka
57%
81 Liverpool Guinea Naby Keita
56%
84 Everton France Lucas Digne
55%
81 Liverpool Switzerland Xherdan Shaqiri
55%
81 Chelsea Germany Antonio Rudiger
54%
83 Manchester United Netherlands Donny Van De Beek
53%
82 Arsenal Germany Mesut Ozil
53%
83 Manchester United England Aaron Wan-Bissaka
52%
81 Tottenham Hotspur Colombia Davinson Sanchez
51%
82 Arsenal Ivory Coast Nicolas Pepe
51%
82 Burnley England Nick Pope
48%
81 Leicester City Belgium Youri Tielemans
48%
81 West Ham United Czech Republic Tomas Soucek
46%
81 West Ham United Poland Lukasz Fabianski
45%
82 Leeds United Spain Rodrigo
45%
84 Manchester United Brazil Alex Telles
44%
80 Tottenham Hotspur Ivory Coast Serge Aurier
44%
83 Everton Brazil Allan
43%
81 Everton England Jordan Pickford
43%
81 Leicester City England James Maddison
42%
81 Chelsea Spain Marcos Alonso
42%
82 Chelsea Spain Kepa Arrizabalaga
41%
82 Tottenham Hotspur Argentina Giovani Lo Celso
39%
82 Fulham France Alphonse Areola
38%
81 Tottenham Hotspur Republic of Ireland Matt Doherty
38%
83 Wolves Portugal Nelson Semedo
35%
83 Tottenham Hotspur Netherlands Steven Bergwijn
35%
81 Manchester City Spain Ferran Torres
34%
82 Tottenham Hotspur Spain Sergio Reguilon
34%
81 Chelsea England Ben Chilwell
31%
82 Arsenal Brazil Willian
30%
81 Wolves Spain Jonny
19%
No matching quizzes found
Score Distribution
Percent of People with Each Score
Percentile by Number Answered
Your Score History
You have not taken this quiz